El imperio socialista de los Incas
Saved in:
| Hovedforfatter: | |
|---|---|
| Format: | Bog |
| Sprog: | spansk |
| Udgivet: |
Santiago
Zig-Zag
1972
|
| Udgivelse: | 7a. ed |
| Serier: | Colección de Bolsillo. Selección Zig-Zag, 36
|
| Fag: | |
| Tags: |
Tilføj Tag
Ingen Tags, Vær først til at tagge denne postø!
|
MARC
| LEADER | 00000nam a2200000 a 4500 | ||
|---|---|---|---|
| 001 | UCO0984 | ||
| 003 | CL-VaPUC | ||
| 008 | 000505e19720000CL |||||||||||||||||spa|d | ||
| 082 | 0 | 4 | |a 985.019 |b BAU |2 21 |
| 100 | 0 | |a Baudin, Louis |e author |9 442686 | |
| 245 | 1 | 3 | |a El imperio socialista de los Incas |
| 250 | |a 7a. ed | ||
| 300 | |a 558 p | ||
| 942 | |c BK | ||
| 945 | |d 20000505 00:00:00 |a lriquelm | ||
| 260 | |a Santiago |b Zig-Zag |c 1972 | ||
| 500 | |a Incluye vocabulario de palabras indígenas | ||
| 650 | 7 | |a INDIOS DEL PERU |2 CL-VaPUC |9 268436 | |
| 650 | 7 | |a INCAS |2 CL-VaPUC |9 256565 | |
| 650 | 0 | |a Economía |9 255568 | |
| 650 | 0 | |a Estado |9 255503 | |
| 650 | 0 | |a Socialismo |9 255260 | |
| 651 | 0 | |a Perú |9 256567 | |
| 583 | |a last modification |c 20000505 00:00:00 |k Rodrigo Vera | ||
| 490 | 0 | |a Colección de Bolsillo. Selección Zig-Zag, 36 | |
| 999 | |c 287619 |d 287617 | ||
| 952 | |0 0 |1 0 |4 0 |6 985_019000000000000_BAU_1972 |7 0 |8 A |9 334553 |a BIBHIS |b BIBHIS |d 2019-11-20 |i 1257706 |o 985.019 BAU 1972 |p 1257706 |r 2025-01-20 |w 2019-11-20 |y BK |k HIS | ||
| 952 | |0 0 |1 0 |4 0 |6 985_019000000000000_BAU_1972 |7 0 |8 DER_HDC |9 334554 |a BIBDER |b BIBDER |d 2019-11-20 |i 3816338 |o 985.019 BAU 1972 |p 3816338 |r 2023-01-25 |w 2019-11-20 |x Ubicación 4to Piso |y BK |z Estos recursos deben solicitarse con anticipación |k DER | ||